000
00284nam a2200121Ia 4500
008
190216s9999||||xx |||||||||||||| ||und||
100
_a
Sankar Nayak
245
0
_a
Hindi-Baidr Kathayem
260
_b
Vedan Sahithya Mandir
_c
2009
300
_a
191 191
650
_a
Hindi
942
_c
BK
999
_c
16667
_d
16667